000 00437cam a2200181ua 4500
020 _a0 582 40807 5
041 _aeng
_h
082 _a635
_bHAW/HO
100 _aHawker, M F J .
245 _aHorticultural machinery /
_cM F J Hawker.
_hTextual Documents
250 _a3 /
_b.
260 _aLondon :
_bLongman ,
_c1985.
300 _a180 ; .
504 _a
700 1 _aKeenlyside, J F .
942 _cBK
999 _c9380
_d9380